000 00441nam a2200157Ia 4500
008 151021s9999 xx 000 0 und d
020 _a9966722408
050 _aLB 1051 .K34 1992
245 _a_General Educational Psychology / D.M.kiminyo
260 _aNairobi : ERAP, 1992
300 _aiii,151 p
500 _aIncludes index
650 _a_Educational Psychology
700 _a_Munavi K.M.
980 _a^d20120126 03:58:30^oanne
999 _c8713
_d8713